000 01108nam a22003017a 4500
003 CHAP
005 20220329134423.0
008 971013s1974 r 00010 d
010 _a20241
011 _a21213
035 _a25302
040 _cCHAP
090 _aTesis
100 0 0 _aAranda Herrera, Enrique.
_96500
245 _aEvaluación de un programa de combate químico de Alternaria carthami en cártamo (Carthamus tinctorius L.), basado en la epifitiología del hongo en Apodaca, municipio de Nuevo León
260 _a(Monterrey, N.L.) :
_bEl autor,
_c1974
300 _a71 h.
_b; gráfs
502 _aTesis (M.C. Esp. en Parasitología Agrícola) -- ITESM. Div. de Ciencias Agropecuarias y Marítimas. Programa de Graduados
590 _aALEPH
_b10
_c20130110
_lUCH01
_h1243
590 _aBATCH-UPD
_b10
_c20130110
_lUCH01
_h0233
590 _aBATCH-UPD
_b10
_c20130110
_lUCH01
_h2041
590 _aCONVERSION
_b10
_c20130109
_lUCH01
_h1312
650 1 4 _aAlternaria cartami.
_94677
650 1 4 _aFungicidas.
_944044
901 _aBK
942 _cTESIS
949 _bBC
_cTES
_d-58356
_eTS1
_i25302
_si
999 _c20241
_d20241